Roi de Belgique en 20 secondes - Statistiques

Statistiques générales
  • Ce quiz a été pris 224 fois
  • Le résultat moyen est 4 sur 7
Statistiques - réponses
Rois % Correct
Léopold II
67%
Léopold 1er
66%
Albert 1er
58%
Léopold III
54%
Albert II
51%
Philippe
46%
Baudouin
28%
Aucun quiz correspondant
Distribution des résultats
% des personnes avec chaque résultat
Percentile par nombre de réponses
Votre historique - résultats
Vous n’avez pas pris ce quiz